Leaders of MENA nations. - Statistics

General Stats
  • This quiz has been taken 3 times
  • The average score is 5 of 18
Answer Stats
Hint Answer % Correct
Prime Minister of Bahrain Salman bin Hamad bin Isa Al Khalifa
100%
Monarch of Saudi Arabia Salman of Saudi Arabia
100%
President of Egypt Abdel Fattah El-Sisi
67%
President of Syria Bashar Al-Assad
67%
President of Lebanon Michel Aoun
67%
President of Algeria Abdelmadjid Tebboune
33%
President of Tunisia Kais Saied
33%
President of the United Arab Emirates Mohammed bin Zayed Al Nahyan
33%
Prime Minister of Libya Abdul Hamid Dbeibeh
0%
King of Jordan Abdullah II of Jordan
0%
President of Iraq Abdul Latif Rashid
0%
Prime Minister of Morocco Aziz Akhannouch
0%
President of Iran Ebrahim Raisi
0%
Sultan of Oman Haitham bin Tariq
0%
President of Israel Isaac Herzog
0%
Prime Minister of Qatar Khalid bin Khalifa bin Abdulaziz Al Thani
0%
Prime Minister of Yemen Maeen Abdulmalik Saeed
0%
Emir of Kuwait Nawaf Al-Ahmad Al-Jaber Al-Sabah
0%
No matching quizzes found
Score Distribution
Percent of People with Each Score
Percentile by Number Answered
Your Score History
You have not taken this quiz